| Tag |
First Indicator |
Second Indicator |
Subfields |
| LEADER |
00000cam a2200000 i 4500 |
| 001 |
in00003487321 |
| 005 |
20150121143029.0 |
| 008 |
140820s2014 enk b 001 0deng |
| 010 |
|
|
|a 2014026285
|
| 035 |
|
|
|a (OCoLC)ocn882530839
|
| 040 |
|
|
|a DLC
|b eng
|e rda
|c DLC
|d YDX
|d YDXCP
|d BTCTA
|d BDX
|d UKMGB
|d OCLCQ
|
| 015 |
|
|
|a GBB4A1969
|2 bnb
|
| 015 |
|
|
|a GBB4C4283
|2 bnb
|
| 016 |
7 |
|
|a 016872854
|2 Uk
|
| 016 |
7 |
|
|a 016933154
|2 Uk
|
| 019 |
|
|
|a 891658717
|
| 020 |
|
|
|a 9781137034458
|q (hardback)
|
| 020 |
|
|
|a 1137034459
|q (hardback)
|
| 035 |
|
|
|a (OCoLC)882530839
|
| 042 |
|
|
|a pcc
|
| 050 |
0 |
0 |
|a B2430.C3584
|b M46 2014
|
| 082 |
0 |
0 |
|a 194
|2 23
|
| 084 |
|
|
|a PHI019000
|a POL005000
|a POL010000
|a POL030000
|a POL042020
|2 bisacsh
|
| 049 |
|
|
|a TXAM
|
| 100 |
1 |
|
|a Memos, Christos,
|d 1968-
|e author.
|
| 245 |
1 |
0 |
|a Castoriadis and critical theory :
|b crisis, critique and radical alternatives /
|c Christos Memos, Department of Sociology, University of Abertay, Dundee, UK.
|
| 264 |
|
1 |
|a Houndmills, Basingstoke, Hampshire ;
|a New York, NY :
|b Palgrave Macmillan,
|c 2014.
|
| 300 |
|
|
|a ix, 183 pages ;
|c 23 cm
|
| 336 |
|
|
|a text
|b txt
|2 rdacontent
|
| 337 |
|
|
|a unmediated
|b n
|2 rdamedia
|
| 338 |
|
|
|a volume
|b nc
|2 rdacarrier
|
| 520 |
|
|
|a "Combining philosophical and political analysis, this study offers a comprehensive reassessment of Castoriadis' contribution to critical theory in and through his critical confrontation with both the crisis of the traditional Left and the crisis of modern capitalist societies. The key concepts of 'crisis' and 'critique' are considered throughout the text and Castoriadis' ideas are situated in a critical debate with other radical thinkers, such as Lefort, Pannekoek, Arendt, Althusser, Axelos, Papaioannou and Marx. The study supplies an extensive analysis and explores the contemporary relevance of Castoriadis' views regarding the Russian Revolution of 1917, the Hungarian revolt of 1956 and the events of May 1968 in France. It argues for a re-radicalization of his thought in light of the current capitalist crisis and seeks to trace his radical alternative to crisis by critically examining and further elaborating his positions with respect to socialism, autonomy and revolution"--
|c Provided by publisher.
|
| 504 |
|
|
|a Includes bibliographical references and index.
|
| 505 |
8 |
|
|a Machine generated contents note: -- Introduction: Reading Castoriadis Politically1. Origins: Early Years in Greece, Migration and Life in France 2. The Critique of Totalitarianism3. Subversive Praxis, Open Crisis and Critique4. Marx in Question5. The Crisis of Modern Societies and the Revival of Emancipatory PoliticsConclusions.
|
| 600 |
1 |
0 |
|a Castoriadis, Cornelius,
|d 1922-1997.
|
| 650 |
|
0 |
|a Critical theory.
|
| 650 |
|
7 |
|a PHILOSOPHY
|x Political.
|2 bisacsh
|
| 650 |
|
7 |
|a POLITICAL SCIENCE
|x Political Ideologies
|x Communism & Socialism.
|2 bisacsh
|
| 650 |
|
7 |
|a POLITICAL SCIENCE
|x History & Theory.
|2 bisacsh
|
| 650 |
|
7 |
|a POLITICAL SCIENCE
|x Government
|x National.
|2 bisacsh
|
| 650 |
|
7 |
|a POLITICAL SCIENCE
|x Political Ideologies
|x Conservatism & Liberalism.
|2 bisacsh
|
| 776 |
0 |
8 |
|i Ebook version
|z 9781137034465
|
| 938 |
|
|
|a Brodart
|b BROD
|n 109844262
|
| 938 |
|
|
|a Baker and Taylor
|b BTCP
|n BK0015233537
|
| 938 |
|
|
|a YBP Library Services
|b YANK
|n 11951804
|
| 947 |
|
|
|a A14840342910
|
| 945 |
|
|
|a PromptCat
|b 20595
|
| 946 |
|
|
|a stk
|
| 948 |
|
|
|a Cataloged
|b h
|c 2015/1/21
|d c
|e LDuncan
|
| 994 |
|
|
|a 92
|b TXA
|
| 999 |
f |
f |
|s 5cdace8d-7c53-3c56-b954-b65f33e5555b
|i fefd79dd-8d1a-3f59-820a-9ef9ca494b33
|t 0
|
| 952 |
f |
f |
|p normal
|a Texas A&M University
|b College Station
|c Sterling C. Evans Library
|d Evans: Library Stacks
|t 0
|e B2430.C3584 M46 2014
|h Library of Congress classification
|i unmediated -- volume
|m A14840342910
|
| 998 |
f |
f |
|a B2430.C3584 M46 2014
|t 0
|l Evans: Library Stacks
|